000 00661nam a2200229Ia 4500
003 OSt
005 20220925200329.0
006 a|||||r|||| 00| 0
007 ta
008 220923b |||||||| |||| 00| 0 eng d
037 _cGeneral Book
040 _aRTL
_cRTL
_beng
041 _2eng
_aeng
082 _aX93:8.2.N7, M1
100 _aNarain Laxmi
_9257310
245 0 _aOrganisation structure in large public enterprises
260 _aDelhi
_bAjanta Publications India
_c1981
300 _axviii, 553p.
_ccm.
650 _aPublic Sector Economics
942 _hX93:8.2.N7, M1
_cGB
_2CC
999 _c536215
_d536215